Statistics for Longest Serving World Leaders Who Just Won't Quit

Click here to take the quiz!

General Stats

  • This quiz has been taken 886 times
    (205 since last reset)
  • The average score is 6 of 11

Answer Stats

leaderyearscountry% Correct
Vladimir Putin22Russia
99%
Alexander Lukashenko27Belarus
90%
Ali Khamenei33Iran
80%
Paul Biya46Cameroon
59%
Hun Sen37Cambodia
53%
Yoweri Museveni35Uganda
51%
Teodoro Mbasogo42Equatorial Guinea
50%
Denis Sassou Nguesso24Republic of the Congo
48%
Isaias Afwerki30Eritrea
43%
Emomalii Rahmon27Tajikistan
36%
Ismaïl Omar Guelleh22Djibouti
31%

Score Distribution

Percentile by Number Answered

Percent of People with Each Score

Your Score History

You have not taken this quiz since the last reset